<?xml version="1.0" encoding="UTF-8"?>
<marc:record xmlns:marc="http://www.loc.gov/MARC21/slim">
   <marc:leader>00000nam a2200000 a 4500</marc:leader>
   <marc:datafield ind1="1" ind2=" " tag="100">
      <marc:subfield code="a">Aaronovitch, Ben</marc:subfield>
      <marc:subfield code="4">aut</marc:subfield>
      <marc:subfield code="e">Verfasser/-in</marc:subfield>
   </marc:datafield>
   <marc:datafield ind1=" " ind2=" " tag="653">
      <marc:subfield code="a">Fantasy</marc:subfield>
   </marc:datafield>
   <marc:datafield ind1="0" ind2="0" tag="245">
      <marc:subfield code="a">Der böse Ort</marc:subfield>
   </marc:datafield>
   <marc:datafield ind1="0" ind2="0" tag="245">
      <marc:subfield code="b">Roman</marc:subfield>
   </marc:datafield>
   <marc:datafield ind1="0" ind2="0" tag="245">
      <marc:subfield code="c">Aaronovitch, Ben</marc:subfield>
   </marc:datafield>
   <marc:datafield ind1=" " ind2="1" tag="264">
      <marc:subfield code="a">München</marc:subfield>
      <marc:subfield code="b">Dt. Taschenbuch-Verl.</marc:subfield>
      <marc:subfield code="c">2014</marc:subfield>
   </marc:datafield>
   <marc:datafield ind1="1" ind2=" " tag="490">
      <marc:subfield code="a">dtv</marc:subfield>
      <marc:subfield code="v">21507</marc:subfield>
   </marc:datafield>
   <marc:datafield ind1=" " ind2=" " tag="250">
      <marc:subfield code="a">9. Auflage 2022</marc:subfield>
   </marc:datafield>
   <marc:datafield ind1="1" ind2=" " tag="520">
      <marc:subfield code="a">Magische Architektur in Südlondon&#xD;
Seltsame Dinge geschehen im Skygarden Tower, einem berüchtigten Sozialwohnblock in Südlondon. Dinge, die eine magische Anziehungskraft auf Police Constable und Zauberlehrling Peter Grant ausüben. Zunächst geht es nur um ein gestohlenes altes Buch über Magie, das aus der Weißen Bibliothek zu Weimar stammt. Doch dann weitet sich der Fall rasant aus. Denn der Erbauer des Tower, Erik Stromberg, ein brillanter, wenngleich leicht gestörter Architekt, hatte sich einst in seiner Zeit am Bauhaus offenbar nicht nur mit modernem Design, sondern auch mit Magie befasst. Was erklären könnte, warum der Skygarden Tower einen unablässigen Strom von begabten Künstlern, Politikern, Drogendealern, Serienmördern und Irren hervorgebracht hat. Und warum der unheimliche gesichtslose Magier, den Peter noch in schlechtester Erinnerung hat, ein so eingehendes Interesse daran an den Tag legt …</marc:subfield>
   </marc:datafield>
   <marc:datafield ind1=" " ind2=" " tag="020">
      <marc:subfield code="a">9783423215077</marc:subfield>
      <marc:subfield code="9">9783423215077</marc:subfield>
   </marc:datafield>
   <marc:datafield ind1=" " ind2=" " tag="020">
      <marc:subfield code="a">3423215070</marc:subfield>
      <marc:subfield code="9">3423215070</marc:subfield>
   </marc:datafield>
   <marc:datafield ind1=" " ind2=" " tag="041">
      <marc:subfield code="a">ger</marc:subfield>
   </marc:datafield>
   <marc:datafield ind1=" " ind2=" " tag="300">
      <marc:subfield code="b">Ill.</marc:subfield>
   </marc:datafield>
   <marc:datafield ind1="0" ind2=" " tag="490">
      <marc:subfield code="v">21507</marc:subfield>
   </marc:datafield>
   <marc:datafield ind1=" " ind2=" " tag="338">
      <marc:subfield code="a">Band</marc:subfield>
   </marc:datafield>
   <marc:datafield ind1=" " ind2=" " tag="300">
      <marc:subfield code="a">396 S.</marc:subfield>
   </marc:datafield>
</marc:record>
